| 000 | 00689cam a22001931 4500 | ||
|---|---|---|---|
| 020 | _a0851390331 | ||
| 020 | _a085139034X | ||
| 082 |
_a721 _bARC _cL-14, P-1 |
||
| 100 | 1 |
_aBoyne, Colin. _945747 |
|
| 245 | 1 | 0 | _aArchitects' working details. |
| 260 |
_aLondon, _bArchitectural Press _c[1953- |
||
| 300 |
_a v. _billus., plates. _c31 cm. |
||
| 500 | _a"Consists mostly of working details that have appeared in the Architects' journal since publication was resumed after the war." | ||
| 526 |
_a0 _b0 _c0 _d721_000000000000000_ARC |
||
| 526 |
_a0 _b0 _c0 _d721_000000000000000_ARC |
||
| 526 |
_a0 _b0 _c0 _d721_000000000000000_ARC |
||
| 650 | 0 |
_aArchitecture _xDetails. _931801 |
|
| 942 |
_2ddc _cBK |
||
| 999 |
_c549204 _d549204 |
||